000 00381nam a2200121Ia 4500
008 220615s9999||||xx |||||||||||||| ||und||
245 0 _aNovel Aspects on Epilepsy
546 _aEnglish[eng]
650 _aNeurology & clinical neurophysiology
700 _aFoyaca-Sibat, Humberto
856 _uhttps://mts.intechopen.com/storage/books/627/authors_book/authors_book.pdf
942 _cEB
999 _c16879
_d16879